Database management systems (Record no. 488)

000 -LEADER
fixed length control field 00537nam a22002177a 4500
001 - CONTROL NUMBER
control field 488
003 - CONTROL NUMBER IDENTIFIER
control field BD-DhUET
008 - FIXED-LENGTH DATA ELEMENTS--GENERAL INFORMATION
fixed length control field 140722b xxu||||| |||| 00| 0 eng d
020 ## - INTERNATIONAL STANDARD BOOK NUMBER
International Standard Book Number 0072465638
040 ## - CATALOGING SOURCE
Transcribing agency 0
Modifying agency BD-DhUET
082 ## - DEWEY DECIMAL CLASSIFICATION NUMBER
Classification number 005.74
Item number RAM/2003
100 ## - MAIN ENTRY--PERSONAL NAME
Personal name Ramakrishnan, Raghu
245 ## - TITLE STATEMENT
Title Database management systems
250 ## - EDITION STATEMENT
Edition statement 3rd ed.
260 ## - PUBLICATION, DISTRIBUTION, ETC. (IMPRINT)
Place of publication, distribution, etc. Boston
Name of publisher, distributor, etc. McGraw-Hill
Date of publication, distribution, etc. 2003
300 ## - PHYSICAL DESCRIPTION
Extent xxxii,1065p.
504 ## - BIBLIOGRAPHY, ETC. NOTE
Bibliography, etc Includes bibliographies
650 #0 - SUBJECT ADDED ENTRY--TOPICAL TERM
Topical term or geographic name as entry element Database management
700 ## - ADDED ENTRY--PERSONAL NAME
Personal name Gehrke, Jahannes
942 ## - ADDED ENTRY ELEMENTS (KOHA)
Koha item type General Book
Holdings
Piece designation (barcode) Sublocation or collection (holding branch) Source of classification or shelving scheme Price effective from Not for loan Koha item type Location (home branch) Lost status Koha full call number Damaged status Withdrawn status Copy number Shelving location Koha date last seen Date acquired Koha normalized classification for sorting
110619Central Library, BUET 2014-07-22 General BookCentral Library, BUET 005.74/RAM/2003  1Circulation section2014-07-222014-07-22005_740000000000000_RAM_2003
107132Central Library, BUET 2014-10-20 General BookCentral Library, BUET 005.74/RAM/2003  2Circulation section2014-10-202014-10-20005_740000000000000_RAM_2003
102553Central Library, BUET 2015-06-06 Reading ItemCentral Library, BUET 005.74/RAM/2003  3Reading section2015-06-062015-06-06005_740000000000000_RAM_2003
102171Central Library, BUET 2015-06-09 Reading ItemCentral Library, BUET 005.74/RAM/2003  4Reading section2015-06-092015-06-09005_740000000000000_RAM_2003
107131Central Library, BUET 2017-03-22 General BookCentral Library, BUET 005.74/RAM/2003  5Circulation section2017-03-222009-05-16005_740000000000000_RAM_2003